|
|
|
|
| LEADER |
00000cam a2200000 7i4500 |
| 001 |
0000006509 |
| 005 |
20000208.0 |
| 040 |
|
|
|a INS
|
| 090 |
0 |
0 |
|a S14/S23
|
| 245 |
0 |
0 |
|a Seminar Penyelarasan Zakat dan Cukai Pendapatan di Malaysia (1988 Mac 28, 29:Kuala Lumpur) Kertas-kertas kerja Anjuran bersama Jabatan Hasil Dalam Negeri Malaysia, Bahagian Hal Ehwal Islam, Jabatan Perdana Menteri, Pusat Islam Malaysia (dan) Baitulmal Majlis Agama Islam Wilayah Persekutuan, 1988
|
| 999 |
|
|
|a S000000025
|b BOOK
|c Seminar
|e Default branch
|
| 999 |
|
|
|a S000000717
|b BOOK
|c Seminar
|e Default branch
|
| 999 |
|
|
|a S000000718
|b BOOK
|c Seminar
|e Default branch
|
| 999 |
|
|
|a S000000719
|b BOOK
|c Seminar
|e Default branch
|
| 999 |
|
|
|a S000000728
|b BOOK
|c Seminar
|e Default branch
|
| 999 |
|
|
|a S000000729
|b BOOK
|c Seminar
|e Default branch
|
| 999 |
|
|
|a S000000730
|b BOOK
|c Seminar
|e Default branch
|